• 首页
  • 本馆介绍
  • 公告通知
  • 最新文献
  • 馆藏检索
  • 电子资源
  • 读者导购
  • 参考咨询
  • 我的图书馆
  • 登录
  • 详细信息显示
  • 放入我的书架
  • 预约/预借图书
  • 作者相关作品
  • 分类相关作品
  • 丛书相关作品
  • 出版社相关作品

书目信息

  • 表格格式
  • 工作单格式
  • 卡片格式
题名:
实用生物学制片技术
    
 
作者: 曾小鲁 编著
分册:  
出版信息: 北京   高等教育出版社  1989.5
页数: 337页
开本: 20厘米
丛书名:
单 册:
中图分类: Q-336
科图分类:
主题词: 切片(生物学)--制作
电子资源:
ISBN: 7-04-000829-7
000 00794nam 2200229 45
001 0190005845
005 20061123082522.65
010    @a7-04-000829-7@dCNY3.75
100    @a19901114d1989 ekmy0chiy0121 ea
101 0  @achi
102    @aCN@b110000
105    @ay z 000yy
200 10 @a实用生物学制片技术@ASHI YONG SHENG WU XUE ZHI PIAN JI SHU@f曾小鲁等编著@FZENG XIAO LU DENG BIAN ZHU
210    @a北京@c高等教育出版社@d1989.5
215    @a337页@d20厘米
330    @a本书介绍了生物学制片技术的必要基础理论知识,以及常用的动物、组织、胚胎、种子植物、孢子植物的制片技术等。
540 1  @a生物学 制片 技术@ASHENG WU XUE ZHI PIAN JI SHU
606    @a切片(生物学)@x制作
690    @aQ-336
701  0 @a曾小鲁@AZENG XIAO LU@4编著
801  0 @aCN@bTSSF@c20061123
905    @a10447@dQ-336@e21
    
    实用生物学制片技术/曾小鲁等编著.-北京:高等教育出版社,1989.5
    337页;20厘米
    
    
    ISBN 7-04-000829-7:CNY3.75
    本书介绍了生物学制片技术的必要基础理论知识,以及常用的动物、组织、胚胎、种子植物、孢子植物的制片技术等。
●
相关链接 在E读中查询图书 在五车中查询图书 在当当中查询图书 在豆瓣中查询图书


正题名:实用生物学制片技术     索取号:Q-336/21         预约/预借

序号 登录号 条形码 馆藏地/架位号 状态 备注
1 0225846   000075288   第二样本阅览室/ [索取号:Q-336/21] 在馆    
唐山师范学院图书馆 欢迎您!
大连网信软件有限公司© 版权所有